| Tag |
First Indicator |
Second Indicator |
Subfields |
| LEADER |
00000nam a2200000Ia 4500 |
| 001 |
in00004328113 |
| 005 |
20200812090252.0 |
| 006 |
m g d |
| 007 |
cr bn |||a|bb| |
| 008 |
010525s1648 enk o 000 0 eng d |
| 035 |
|
|
|a (OCoLC)47012480
|
| 040 |
|
|
|a EAE
|c EAE
|e dcrb
|
| 037 |
|
|
|a CL0037000115
|b ProQuest Information and Learning. 300 N. Zeeb Rd., Ann Arbor, MI 48106
|
| 043 |
|
|
|a e-uk-en
|
| 090 |
|
|
|a DA410
|b .H8 1648
|
| 049 |
|
|
|a UMIA
|
| 245 |
0 |
4 |
|a The humble and hearty representation and ingagement of the collective body of the city of London, and propounded by them to the free-commoners of the the counties, citties, townes and boroughs of the kingdome of England, and the dominion of Wales to, and with both Houses of Parliament, and each one to other.
|
| 260 |
|
|
|a [London :
|b publisher not identified,
|c 1648]
|
| 300 |
|
|
|a 1 online resource (1 sheet ([1] pages)
|
| 336 |
|
|
|a text
|b txt
|2 rdacontent
|
| 337 |
|
|
|a computer
|b c
|2 rdamedia
|
| 338 |
|
|
|a online resource
|b cr
|2 rdacarrier
|
| 500 |
|
|
|a Place and date of publication taken from Wing (2nd edition)
|
| 500 |
|
|
|a Reproduction of original in: University of London. Library.
|
| 510 |
4 |
|
|a Wing (2nd edition)
|c H3396A
|
| 533 |
|
|
|a Electronic reproduction.
|b Ann Arbor, Mich. :
|c UMI,
|d 1999-
|f (Early English books online)
|n Digital version of: (Early English Books, 1641-1700 ; 2689:8)
|7 s1999 miun s
|
| 610 |
1 |
0 |
|a England and Wales.
|b Parliament
|v 17th century.
|
| 651 |
|
0 |
|a Great Britain
|x History
|y Civil War, 1642-1649.
|
| 651 |
|
0 |
|a Great Britain
|x Politics and government
|y Civil War, 1642-1649.
|
| 655 |
|
7 |
|a Broadsides
|z England
|y 17th century.
|2 rbgenr
|
| 830 |
|
0 |
|a Early English books online.
|
| 856 |
4 |
0 |
|u http://proxy.library.tamu.edu/login?url=https://search.proquest.com/docview/2264177683
|z Connect to the full text of this electronic book
|t 0
|
| 999 |
f |
f |
|s 5bebd912-5d82-39c2-bc69-2c09f3cfd0ce
|i 88625ac2-0141-3dc4-b83d-aa595219ba38
|t 0
|
| 952 |
f |
f |
|a Texas A&M University
|b College Station
|c Electronic Resources
|d Available Online
|t 0
|e DA410 .H8 1648
|h Library of Congress classification
|
| 998 |
f |
f |
|a DA410 .H8 1648
|t 0
|l Available Online
|